Statistics for Biochemistry Quiz

Click here to take the quiz!

General Stats

  • This quiz has been taken 83 times
    (75 since last reset)
  • The average score is 12 of 20

Answer Stats

HintAnswer% Correct
the scale of aciditypH scale
93%
center of a atomnucleus
90%
building blocks of proteinamino acids
87%
0-7acid
85%
organic, enzymes, made up of amino acidsProteins
79%
8-14base
77%
closer to 7 means it is...neutral
77%
a positively charged particleproton
74%
organic, starchy sugar, energyCarbohydrates
72%
a negatively charged particleelectron
72%
a substance composed of 2 or more elementscompound
64%
organic, fatty acid, found in natural oil and waxesLipid
61%
breakdown of substances by adding waterhydrolysis
54%
elements in lipids and carbs (letters)CHO
51%
organic, DNA, stores lifeNucleic acid
48%
building blocks of lipidsfatty acids
34%
building blocks of nucleic acidnucleotides
34%
elements in peptides (letters)CHON(P)(S)
31%
building blocks of carbsmonosaccharides
26%
buildup of substances by removing waterdehydration synthesis
18%

Score Distribution

Percentile by Number Answered

Percent of People with Each Score

Your Score History

You have not taken this quiz since the last reset